000 02269cam a2200409 a 4500
999 _c17927
_d17927
001 14901985
005 20161130092723.0
008 070625s2008 mduab b 001 0 eng
010 _a 2007026509
020 _a9780856676437
020 _a0856676438
020 _a9780911886696 (pbk.)
020 _a0911886699 (pbk.)
035 _a(OCoLC)152580755
_z(OCoLC)154703621
035 _a(OCoLC)ocn152580755
040 _aDLC
_cDLC
_dBAKER
_dBTCTA
_dYDXCP
_dC#P
_dBWK
_dBWX
_dOCLCQ
_dCDX
_dDLC
043 _ae-gr---
_an-us-md
050 0 0 _aN5634.W35W35 2008
_bW35 2008
082 0 0 _222
110 2 _aWalters Art Museum (Baltimore, Md.)
245 1 4 _aThe art of ancient Greece /
_cThe Walters Art Museum ; edited by Sabine Albersmeier ; with contributions by Amalia Avramidou ... [et al.] ; photography by Susan Tobin.
260 _aBaltimore :
_bWalters Art Museum ;
_aLondon :
_bPhilip Wilson Publishers,
_c2008.
300 _a206 p. :
_bill. (chiefly col.), col. maps ;
_c28 cm.
504 _aIncludes bibliographical references (p. 194-200) and index.
505 0 _aForeword / Gary Vikan -- Introduction / Sabine Albersmeier -- Early Greece / Michael Maa€ -- The archaic period / H. Alan Shapiro -- The classical period / Allison Surtees -- Roman copies / Allison Surtees -- The Hellenistic period / Sabine Albersmeier -- Jewelry / Sabine Albersmeier -- Appendix: An overview of Greek pottery / Angeliki Kokkinou -- Glossary.
610 2 0 _aWalters Art Museum (Baltimore, Md.)
650 0 _aArt, Greek.
650 0 _aArt, Ancient
_zGreece.
650 0 _aArt
_zMaryland
_zBaltimore.
700 1 _aAlbersmeier, Sabine.
856 4 2 _3Contributor biographical information
_uhttp://www.loc.gov/catdir/enhancements/fy0838/2007026509-b.html
856 4 2 _3Publisher description
_uhttp://www.loc.gov/catdir/enhancements/fy0838/2007026509-d.html
856 4 1 _3Table of contents only
_uhttp://www.loc.gov/catdir/enhancements/fy0838/2007026509-t.html
906 _a7
_bcbc
_corignew
_d1
_eecip
_f20
_gy-gencatlg
942 _2lcc
_cBOOKS
_hN5634.W35W35 2008